| 000 | 00626nam a2200277Ia 4500 | ||
|---|---|---|---|
| 001 | Z_4599 | ||
| 003 | CHAP | ||
| 008 | 220113s2=00 xx 000 0 und d | ||
| 010 | _a167674 | ||
| 040 | _cCHAP | ||
| 082 | _a636.0893 V3 | ||
| 100 |
_aVademécum del veterinario _9141944 |
||
| 245 |
_a/ _cpor Información Profesional Especializada |
||
| 260 |
_aMéxico, D. F. : _bIPE, _c2002 |
||
| 300 | _a1296 p. | ||
| 440 | _a | ||
| 500 | _a | ||
| 503 | _aC/E | ||
| 650 |
_aVeterinaria _xDiccionarios _9118993 |
||
| 901 | _a636.0893 V3 | ||
| 902 | _aA | ||
| 910 | _a2=00 | ||
| 942 | _c1 | ||
| 942 | _cc1 | ||
| 999 |
_c167674 _d167674 |
||